| 000 | 00715nam a22002537a 4500 | ||
|---|---|---|---|
| 001 | 01104 | ||
| 003 | DO-SdBNP | ||
| 005 | 20171212113807.0 | ||
| 007 | 01104 | ||
| 008 | 160718b 1960 spa |||| |||| 00| 0 spa d | ||
| 020 | _a8430571582 | ||
| 040 |
_aBPMSU _bspa _cBPMSU |
||
| 082 |
_aI823.8 _bB661a |
||
| 100 |
_aBlyton, Enid, _d1896-1968. |
||
| 245 |
_aLas aventuras de Amelia Jane / _cEnid Blyton. |
||
| 260 |
_aMadrid : _bSusaeta Ediciones, _c1960 |
||
| 300 |
_a247 p. : _bil. ; _c23 cm. |
||
| 490 |
_aEnid Blyton _v10 |
||
| 650 | _aCUENTOS INFANTILES INGLESES | ||
| 830 |
_aEnid Blyton _v10 |
||
| 942 |
_2ddc _cBK |
||
| 945 | _aInventariado extranjero 2017 / YL | ||
| 956 |
_aVMATEO _b10 _c20160718 _dBPMSU _f0069 |
||
| 999 |
_c10920 _d10920 |
||